00231nam a2200085Ia 4500008004100000100004500041245003100086260001700117490001100134210107s9999 xx 000 0 und d a(The) United Kingdom Hydrographic Office 0aAdmiralty Tide Tables 2007 aLondonbHMSO vVol. 2